LEADER 02839nam a2200469 u 4500 001 000000105778 003 CaOOAMICUS 005 20120329163930.0 008 070621s2006 gw u000 u lat u 020 $z978-3-17-001086-7* 040 $aPUL$bita$dLDB 041 1 $alat$ager$hgmh 100 0 $aEckhart,$cMeister,$d1260-1327.$0(OLS)http://pul/name/1819 245 10$aMagistri Echardi Opera Parisiensia Tractatus super oratione dominica ; Responsio ad articulos sibi impositos de scriptis et dictis suis ; Acta Echardiana /$cherausgegeben und übersetzt von Bernhard Geyer, Joseph Koch, Erich Seelberg ; Acta Echardiana herausgegeben und kommentiert von Loris Sturlese. 246 30$aResponsio ad articulos sibi impositos de scriptis et dictis suis 246 30$aOpera Parisiensa Tractatus super oratione dominica 246 30$aActa Echardiana 260 $aStuttgart :$bKohlhammer Verlag,$c2006. 300 $avii, 655 p. ;$c30 cm 490 1 $aMeister Eckhart. Die deutschen und lateinischen Werke. Die lateinischen Werke ;$vBd. 5 500 $aTesto su due colonne. 500 $aTesto in latino, tedesco medievale e tedesco. 700 1 $aKoch, Josef,$d1885-1967.$0(OLS)http://pul/name/13470 700 1 $aSturlese, Loris.$0(OLS)http://pul/name/3851 700 1 $aSeeberg, Erich.$0(OLS)http://pul/name/64963 700 1 $aGeyer, Bernhard,$d1880-1974.$0(OLS)http://pul/name/5546 800 0 $aEckhart,$cMeister,$d1260-1327.$tOpere.$pDie lateinischen Werke ;$vBd. 5.$0(OLS)http://pul/nameTitle/185$0(OLS)http://pul/name/1819$0(OLS)http://pul/title/88487 830 0$aMeister Eckhart. Die deutschen und lateinischen Werke.$pDie lateinischen Werke ;$vBd. 5.$0(OLS)http://pul/title/162083 850 $aPUL 852 $aPUL$W1$xSL Religione 1$y3$m78 N 3.5$j118679$qStampati$B118533$CPULBib$Z2$F118533 $H104031 $82 852 $aPUL$W1$xDP1 Fondo Seidl$y56$m2 B 10.5 int.1$j152179$av. 5.1/2$qFondi$B151528$CPULBib$Z2$F151528 $82 900 $aEckart, Johannes,$d1260-1327$91819 900 $aEckardus,$cO.P.,$d1260-1327$91819 900 $aEckart, Johannes,$d1260-1327$91819 900 $aEckardus,$cO.P.,$d1260-1327$91819 941 1 $a8 996 $6020$z978-3-17-001086-7*$9(OLS)http://pul/number/134949 996 $6246$aResponsio ad articulos sibi impositos de scriptis et dictis suis$9(OLS)http://pul/title/133154 996 $6246$aOpera Parisiensa Tractatus super oratione dominica$9(OLS)http://pul/title/133157 996 $6245$aMagistri Echardi Opera Parisiensia Tractatus super oratione dominica ; Responsio ad articulos sibi impositos de scriptis et dictis suis ; Acta Echardiana$9(OLS)http://pul/title/133153 996 $6246$aActa Echardiana$9(OLS)http://pul/title/162073 996 $6260$aStuttgart :$bKohlhammer Verlag$9(OLS)http://pul/publisher/71410 LEADER 01294nam a2200313 a 4500 001 000000160273 003 CaOOAMICUS 005 20170426095600.0 008 170426s2013 it u000 u ita r 020 $a978-88-88758-71-8* 032 $aLibriCat 040 $aPUL$bita 082 04$a226.3 100 1 $aOrlando, Luigi,$csac.$0(OLS)http://pul/name/84590 245 13$aLa giornata di Gesł a Cafarnao :$bsaggio esegetico di Mc 1,21-34 /$cLuigi Orlando. 260 $aBari :$bEcumenica Editrice,$c©2013. 300 $a199 p. ;$c24 cm. 490 1 $aAnalecta Nicolaiana ;$v16 504 $aBibliografia p. 173-190. 630 04$aBiblia.$pN.T.$pMarcus$nI,21-34.$0(OLS)http://pul/subject/44502 830 0$aAnalecta Nicolaiana ;$v16.$0(OLS)http://pul/title/154594 850 $aPUL 852 $aPUL$W1$xSL Religione 3$y85$m226. 3 ORLLU 1$j183877$qDDC 21$B187085$CPULBib$Z2$F187085 $H129482 $81 941 1 $a9 996 $6020$a978-88-88758-71-8*$9(OLS)http://pul/number/162509 996 $6082$a226.3$9(OLS)http://pul/classification/700 996 $6245$aLa giornata di Gesł a Cafarnao :$bsaggio esegetico di Mc 1,21-34$9(OLS)http://pul/title/199920 996 $6260$aBari :$bEcumenica Editrice$9(OLS)http://pul/publisher/63263